Ordenación rural de los montes orientales (Iznalloz) (Record no. 110231)

MARC details
000 -LEADER
campo de control de longitud fija 00592nam a2200169 i 4500
001 - NÚMERO DE CONTROL
campo de control 110231
003 - IDENTIFICADOR DE NÚMERO DE CONTROL
campo de control ES-MaACL
005 - FECHA Y HORA DE LA ÚLTIMA TRANSACCIÓN
campo de control 20230906185015.0
007 - CAMPO FIJO DE DESCRIPCIÓN FÍSICA--INFORMACIÓN GENERAL
campo de control de longitud fija t|
008 - DATOS DE LONGITUD FIJA--INFORMACIÓN GENERAL
campo de control de longitud fija 061121s1970 sp r ||||1| spa d
245 00 - MENCIÓN DEL TÍTULO
Título Ordenación rural de los montes orientales (Iznalloz)
Resto del título : esquema técnico y ciclo de conferencias.
260 ## - PUBLICACIÓN, DISTRIBUCIÓN, ETC.
Lugar de publicación, distribución, etc. Granada :
Nombre del editor, distribuidor, etc. Organización Sindical,
Fecha de publicación, distribución, etc. 1970.
300 ## - DESCRIPCIÓN FÍSICA
Extensión 179 p. 1 map. pleg. ;
Dimensiones 24 cm.
650 #4 - PUNTO DE ACCESO ADICIONAL DE MATERIA--TÉRMINO DE MATERIA
Término de materia o nombre geográfico como elemento de entrada Ordenación de montes-
Subdivisión geográfica Iznalloz.
9 (RLIN) 164541
710 2# - ENTRADA AGREGADA--NOMBRE DE ENTIDAD CORPORATIVA
Nombre de entidad corporativa o nombre de jurisdicción como elemento de entrada Consejo Económico Sindical Provincial (Granada)
9 (RLIN) 164557
852 ## - LOCALIZACIÓN
Ubicación ES-MaACL
Número de control de estantería C-41327
Sublocalización o colección R.76140
Holdings
Estatus retirado Estado de pérdida Estado de daño No para préstamo Biblioteca de origen Biblioteca actual Ubicación en estantería Fecha de adquisición Fuente de adquisición Total de préstamos Signatura topográfica completa Código de barras Visto por última vez Precio de reemplazo Tipo de ítem Koha
        Biblioteca del Ateneo de Madrid Biblioteca del Ateneo de Madrid Depósito 2 17/01/2008     C-41327 1115003 23/02/2023 23/02/2023 Libro impreso